书目信息 |
| 题名: |
中国绘画名家文献丛书___侯德昌
|
|
| 作者: | 徐恩存 主编 | |
| 分册: | ||
| 出版信息: | 天津 天津人民美术出版社 06/03/07 |
|
| 页数: | 157页 | |
| 开本: | 20cm | |
| 丛书名: | ||
| 单 册: | ||
| 中图分类: | K825 | |
| 科图分类: | ||
| 主题词: | 人物--传记--中国 | |
| 电子资源: | ||
| ISBN: | 978-7-5305-3438-0 | |
| 000 | 00603nam0 2200217 45 | |
| 001 | 0961094480 | |
| 005 | 20091012165933.04 | |
| 010 | @a978-7-5305-3438-0@dCNY75.00 | |
| 100 | @a20090515d06/0 ekmy0 y0120 ea | |
| 102 | @aCN@b130000 | |
| 102 | @aCN@b120000 | |
| 105 | @ay z 000yy | |
| 200 | 1 | @a中国绘画名家文献丛书___侯德昌@f徐恩存主编@Fxu en cun zhu bian |
| 210 | @a天津@c天津人民美术出版社@d06/03/07 | |
| 215 | @a157页@d20cm | |
| 606 | 0 | @a人物@x传记@x中国 |
| 690 | @aK825@v4 | |
| 701 | 0 | @a徐恩存@Axu en cun@4主编 |
| 801 | 0 | @aCN@c20091012 |
| 905 | @a10447@dK825@eX7001 | |
| 906 | @d75@n3@r1 | |
| 中国绘画名家文献丛书___侯德昌/徐恩存主编.-天津:天津人民美术出版社,06/03/07 |
| 157页;20cm |
| ISBN 978-7-5305-3438-0:CNY75.00 |
| ● |
| 相关链接 |
|
|
|
正题名:中国绘画名家文献丛书___侯德昌
索取号:K825/X7001
 
预约/预借
| 序号 | 登录号 | 条形码 | 馆藏地/架位号 | 状态 | 备注 |
| 1 | 655343 | 206553433 | 社科库309/309社科库 46排2列1层/ [索取号:K825/X7001] | 在馆 | |
| 2 | 655344 | 206553442 | 社科库309/309社科库 46排2列1层/ [索取号:K825/X7001] | 在馆 | |
| 3 | 655345 | 206553451 | 社科库309/309社科库 46排2列1层/ [索取号:K825/X7001] | 在馆 |